| 000 | 00481nam a2200157 4500 | ||
|---|---|---|---|
| 001 | 118436 | ||
| 003 | ES-MaACL | ||
| 005 | 20230906191110.0 | ||
| 007 | t| | ||
| 008 | 070214s1959 sp r ||||1| spa d | ||
| 100 | 1 |
_aPeso y Calvo, Carlos del. _991441 |
|
| 245 | 1 | 4 |
_aLas indemnizaciones por baremo en accidentes del trabajo / _cCarlos del Peso y Calvo. |
| 260 |
_aMadrid : _b[s.n.], _c1959 ( _fGráf. Color) |
||
| 300 |
_a94 p. ; _c16 cm. |
||
| 852 |
_aES-MaACL _jC-17366 _bR.45043 |
||
| 999 |
_c118436 _d118436 |
||